Cities with the Highest Homicide Rates - Statistics

General Stats
  • This quiz has been taken 255 times
    189 since last reset
  • The average score is 9 of 30
Answer Stats
Country Answer Murder rate per 100,000 % Correct
6 Venezuela Caracas 74.65
87%
8 South Africa Cape Town 68.26
81%
1 Mexico Tijuana 134.24
74%
13 Jamaica Kingston 57.59
72%
29 Guatemala Guatemala City 43.48
64%
9 USA St. Louis 64.54
57%
2 Mexico Ciudad Juarez 104.54
56%
11 USA Baltimore 58.64
53%
26 Colombia Cali 45.24
52%
23 Brazil Salvador 47.47
47%
25 Mexico Cancun 45.54
45%
24 South Africa Nelson Mandela Bay 45.80
35%
7 Mexico Acapulco 71.61
31%
15 Honduras San Pedro Sula 55.21
27%
22 Brazil Natal 48.32
24%
12 Venezuela Ciudad Guayana 57.8
11%
21 Mexico Culiacan 49.41
11%
16 USA San Juan 54.01
11%
18 Venezuela Ciudad Bolivar 51.01
9%
30 Mexico Zacatecas 42.95
9%
17 Mexico Ensenada 52.12
7%
5 Mexico Obregon 80.72
6%
19 Mexico Cuernavaca 50.91
4%
14 Brazil Feira de Santana 56.76
4%
4 Mexico Irapuato 80.74
4%
27 Brazil Rio Branco 44.93
4%
3 Mexico Uruapan 85.54
4%
20 Mexico Celaya 49.87
3%
10 Brazil Vitória da Conquista 60.01
3%
28 Brazil Caruaru 44.31
2%
No matching quizzes found
Score Distribution
Percent of People with Each Score
Percentile by Number Answered
Your Score History
You have not taken this quiz since the last reset